[Event "CYCC U12"]
[Site "Hamilton CAN"]
[Date "2022.07.11"]
[Round "7.20"]
[White "Li, Andrew"]
[Black "Chen, Michael"]
[Result "0-1"]
[WhiteElo "841"]
[BlackElo "1152"]
[PlyCount "70"]
[EventDate "2022.07.08"]
[EventType "swiss"]
[EventRounds "7"]
[EventCountry "CAN"]

1. e4 e5 2. Nf3 Nc6 3. d4 exd4 4. Nxd4 Bc5 5. Be3 Qf6 6. c3 Nge7 7. Bc4 Nxd4 8.
cxd4 Bb6 9. O-O Nc6 10. e5 Qh4 11. f4 h5 12. Rf3 d5 13. Be2 Bg4 14. Bf2 Qe7 15.
Rd3 Bxe2 16. Qxe2 O-O-O 17. Nd2 g5 18. f5 h4 19. Qg4 Kb8 20. f6 Qb4 21. Nb3
Rdg8 22. Qd7 Qc4 23. Rc3 Qe2 24. Rb1 Qh5 25. Qxd5 Qg6 26. Nd2 Ba5 27. b4 Rd8
28. Qb5 a6 29. Qc4 Bb6 30. Kh1 Nxe5 31. Qe2 Bxd4 32. Bxd4 Rxd4 33. Qxe5 Qxb1+
34. Nxb1 Rd1+ 35. Qe1 Rxe1# 0-1

[Event "CYCC U12"]
[Site "Hamilton CAN"]
[Date "2022.07.11"]
[Round "7.22"]
[White "Zhang, Joey"]
[Black "Ahlawat, Jaiho"]
[Result "1/2-1/2"]
[WhiteElo "944"]
[BlackElo "1601"]
[PlyCount "94"]
[EventDate "2022.07.08"]
[EventType "swiss"]
[EventRounds "7"]
[EventCountry "CAN"]

1. e4 e5 2. f4 d6 3. Nf3 Nc6 4. Bc4 Be7 5. O-O Nf6 6. Nc3 O-O 7. d4 Bg4 8. d5
Nd4 9. Be2 Bxf3 10. Bxf3 Re8 11. Be3 c5 12. dxc6 Nxc6 13. Nd5 exf4 14. Bxf4
Nxd5 15. exd5 Qb6+ 16. Kh1 Ne5 17. Bxe5 dxe5 18. b3 Rad8 19. c4 Bf6 20. Be4 Qc5
21. Qg4 Rd6 22. Rf3 Qd4 23. Raf1 a5 24. h3 Kf8 25. Bxh7 Ke7 26. Qxd4 exd4 27.
Re1+ Kf8 28. Rxe8+ Kxe8 29. Bd3 Kd7 30. g4 Ke7 31. Kg2 g6 32. Rf2 Bg5 33. Re2+
Be3 34. Kf3 Rf6+ 35. Kg3 Kd6 36. h4 g5 37. hxg5 Bxg5 38. Re1 Bf4+ 39. Kg2 Be3
40. Rf1 Rxf1 41. Kxf1 f6 42. Ke2 Bc1 43. Bf5 Bb2 44. Kd3 Ke5 45. Be6 Ba3 46.
Bc8 b6 47. Bd7 Bc5 1/2-1/2

[Event "CYCC U12"]
[Site "Hamilton CAN"]
[Date "2022.07.11"]
[Round "7.23"]
[White "Chen, Vincent"]
[Black "Chen (172271), Chen"]
[Result "1-0"]
[WhiteElo "1445"]
[BlackElo "824"]
[PlyCount "141"]
[EventDate "2022.07.08"]
[EventType "swiss"]
[EventRounds "7"]
[EventCountry "CAN"]

1. e4 e5 2. Nf3 Nc6 3. Bb5 d6 4. O-O Nf6 5. d4 a6 6. Bxc6+ bxc6 7. Nc3 Bg4 8.
dxe5 dxe5 9. Qxd8+ Rxd8 10. Nxe5 Bd7 11. Bf4 Bd6 12. Nxd7 Bxf4 13. Nxf6+ gxf6
14. Rad1 O-O 15. Rd3 Rxd3 16. cxd3 Rd8 17. Rd1 Rf8 18. b3 Re8 19. g3 Be5 20. d4
Bd6 21. f3 Bb4 22. Ne2 f5 23. e5 f6 24. f4 fxe5 25. fxe5 Rd8 26. Rc1 Ba3 27.
Rxc6 Bb2 28. Rc4 Rd7 29. e6 Re7 30. d5 Be5 31. Nd4 Bxd4+ 32. Rxd4 Kg7 33. d6
cxd6 34. Rxd6 Kf6 35. Rxa6 Rxe6 36. Rxe6+ Kxe6 37. a4 Kd6 38. Kf2 Kc5 39. Kf3
Kb4 40. Kf4 Ka5 41. Kxf5 Kb6 42. Kf6 h5 43. Kg5 h4 44. Kxh4 Kc5 45. g4 Kd5 46.
g5 Ke6 47. a5 Ke7 48. a6 Kd7 49. a7 Kc7 50. a8=B Kd8 51. b4 Kc7 52. Kg4 Kb6 53.
h4 Kb5 54. h5 Kxb4 55. h6 Kc5 56. h7 Kd6 57. h8=B Ke7 58. Ba1 Kf7 59. g6+ Kg8
60. g7 Kf7 61. g8=N Kxg8 62. Kf5 Kf7 63. Bf6 Ke8 64. Bd5 Kf8 65. Be6 Ke8 66.
Kg6 Kf8 67. Bd7 Kg8 68. Be7 Kh8 69. Bc6 Kg8 70. Bd5+ Kh8 71. Bf6# 1-0

[Event "CYCC U12 w"]
[Site "Hamilton CAN"]
[Date "2022.07.08"]
[Round "1.1"]
[White "Fiset, Anais Chloe"]
[Black "Guan, Marie"]
[Result "1-0"]
[WhiteElo "1558"]
[BlackElo "984"]
[PlyCount "63"]
[EventDate "2022.07.08"]
[EventType "swiss"]
[EventRounds "7"]
[EventCountry "CAN"]

1. e4 e6 2. d4 d5 3. Nd2 c5 4. exd5 Qxd5 5. Ngf3 cxd4 6. Bc4 Qd6 7. O-O Nf6 8.
Nb3 Be7 9. Qe2 Nc6 10. Rd1 e5 11. c3 Bg4 12. h3 Bxf3 13. gxf3 O-O 14. cxd4 exd4
15. Be3 Bd8 16. Nxd4 Bc7 17. f4 Nxd4 18. Rxd4 Qe7 19. Qf3 Bb6 20. Rd3 Bxe3 21.
Rxe3 Qb4 22. Bb3 Rfe8 23. Kh2 Rxe3 24. Qxe3 Re8 25. Qf3 Re4 26. Rc1 h6 27. Rc7
Rxf4 28. Bxf7+ Kh7 29. Qg3 Qd4 30. Qg6+ Kh8 31. Rc8+ Ne8 32. Rxe8# 1-0

[Event "CYCC U12 w"]
[Site "Hamilton CAN"]
[Date "2022.07.08"]
[Round "1.2"]
[White "Guan, Isabelle"]
[Black "Chen, Rae"]
[Result "0-1"]
[WhiteElo "974"]
[BlackElo "1467"]
[PlyCount "88"]
[EventDate "2022.07.08"]
[EventType "swiss"]
[EventRounds "7"]
[EventCountry "CAN"]

1. e4 d6 2. d4 Nf6 3. Nc3 c6 4. Nf3 Qa5 5. Bd2 Qc7 6. Bc4 h6 7. e5 Nfd7 8. Bf4
d5 9. Bd3 e6 10. Qd2 a6 11. a3 c5 12. dxc5 Nxc5 13. O-O Be7 14. Ne2 Bd7 15. Ng3
Nxd3 16. cxd3 Nc6 17. Rac1 Qa5 18. Qe2 Qa4 19. Be3 d4 20. Rc4 Qa5 21. Bxd4 Nxd4
22. Nxd4 Qb6 23. Nf3 Bb5 24. Rc3 O-O 25. Rb3 Qa5 26. Qe4 Bc6 27. Qg4 Qa4 28.
Qxa4 Bxa4 29. Rxb7 Bc5 30. b4 Ba7 31. Rc1 Bb5 32. Rcc7 Bb8 33. Rc3 Rd8 34. d4
Ba7 35. Rcc7 Bxd4 36. Rxf7 Bxe5 37. h3 Bb2 38. Nh5 Be8 39. Rfe7 Bxh5 40. g4 Be8
41. g5 Bc6 42. gxh6 Bxf3 43. Rbc7 Rd1+ 44. Kh2 Be5# 0-1

[Event "CYCC U12 w"]
[Site "Hamilton CAN"]
[Date "2022.07.08"]
[Round "1.3"]
[White "Xie, Irene"]
[Black "Chan, Allison"]
[Result "1-0"]
[WhiteElo "1455"]
[BlackElo "888"]
[PlyCount "115"]
[EventDate "2022.07.08"]
[EventType "swiss"]
[EventRounds "7"]
[EventCountry "CAN"]

1. e4 e5 2. Nf3 Nc6 3. Bc4 Bc5 4. a3 Nf6 5. d3 d5 6. exd5 Nxd5 7. O-O Bg4 8. h3
Bh5 9. Re1 O-O 10. g4 Bg6 11. Nxe5 Nxe5 12. Rxe5 c6 13. Bxd5 cxd5 14. Qf3 Re8
15. Rxe8+ Qxe8 16. Bd2 Rd8 17. Nc3 d4 18. Ne4 Bxe4 19. dxe4 Qb5 20. Qb3 Qe2 21.
Qd3 Qxd3 22. cxd3 a6 23. Rc1 Bb6 24. f4 h6 25. Kf2 g6 26. Kf3 Kg7 27. e5 f5 28.
Rc4 Kf7 29. Rb4 Bc5 30. Rxb7+ Ke6 31. b4 Be7 32. Rb6+ Kf7 33. Rxa6 h5 34. g5
Rb8 35. Rc6 Rb7 36. Rc4 Rd7 37. a4 Ke6 38. a5 Kd5 39. b5 Rb7 40. b6 Bc5 41. Bb4
Bxb4 42. Rxb4 Kc5 43. Rb3 h4 44. a6 Rxb6 45. Rxb6 Kxb6 46. e6 Kxa6 47. e7 Kb5
48. e8=Q+ Kb4 49. Qc6 Kb3 50. Qc4+ Kb2 51. Ke2 Kb1 52. Qxd4 Kc2 53. Qc4+ Kb2
54. Kd2 Ka3 55. Qb5 Ka2 56. Qb4 Ka1 57. Kc2 Ka2 58. Qb2# 1-0

[Event "CYCC U12 w"]
[Site "Hamilton CAN"]
[Date "2022.07.08"]
[Round "1.4"]
[White "Roque, Alexa"]
[Black "Ambilwade, Ojal"]
[Result "0-1"]
[WhiteElo "852"]
[BlackElo "1380"]
[PlyCount "86"]
[EventDate "2022.07.08"]
[EventType "swiss"]
[EventRounds "7"]
[EventCountry "CAN"]

1. d4 Nf6 2. c4 e6 3. Nc3 d5 4. Nf3 Bb4 5. Bg5 O-O 6. a3 Be7 7. e3 Nbd7 8. Bd3
b6 9. Qc2 h6 10. Bh4 Bb7 11. cxd5 exd5 12. O-O c5 13. Ne5 Nxe5 14. dxe5 Ng4 15.
Bg3 Bh4 16. Bxh4 Qxh4 17. h3 Nxe5 18. Be2 d4 19. exd4 cxd4 20. Nb5 Rfd8 21. Qc7
Qe4 22. f3 Qxe2 23. Rf2 Qxb5 24. Qxb7 d3 25. Rd2 Qc5+ 26. Kh1 Qe3 27. Rad1 Qf4
28. Qc7 Qf6 29. Qc3 Rac8 30. Qb4 Rc2 31. Qb3 Rxd2 32. Rxd2 Qf4 33. Qd1 Qe3 34.
b3 Nc6 35. b4 Ne5 36. Ra2 d2 37. Ra1 Nd3 38. Kh2 Nf2 39. Qg1 d1=Q 40. Rxd1 Rxd1
41. Qxd1 Nxd1 42. b5 Qf2 43. h4 Ne3 0-1

[Event "CYCC U12 w"]
[Site "Hamilton CAN"]
[Date "2022.07.08"]
[Round "1.5"]
[White "Liu, Kailey"]
[Black "Maslov, Ayla"]
[Result "1-0"]
[WhiteElo "1366"]
[BlackElo "800"]
[PlyCount "77"]
[EventDate "2022.07.08"]
[EventType "swiss"]
[EventRounds "7"]
[EventCountry "CAN"]

1. e4 e5 2. Nf3 Nc6 3. Bc4 Bc5 4. c3 Nf6 5. d4 exd4 6. cxd4 Bb4+ 7. Bd2 Bxd2+
8. Nbxd2 O-O 9. e5 Re8 10. O-O Ne4 11. Bxf7+ Kxf7 12. Nxe4 d5 13. Nc3 Kg8 14.
h3 Re6 15. Ne2 Qf8 16. Qd2 Rh6 17. Qf4 Qxf4 18. Nxf4 Bf5 19. g4 Be4 20. g5 Rxh3
21. Nxh3 Bxf3 22. Rac1 Rc8 23. Kh2 Nxd4 24. Rc3 c5 25. Nf4 Rc6 26. Kg3 Be4 27.
f3 Bf5 28. Nxd5 Kf7 29. Nf4 b6 30. Rfc1 h6 31. gxh6 g5 32. Rh1 gxf4+ 33. Kxf4
Ne2+ 34. Kxf5 Nxc3 35. bxc3 Rc8 36. e6+ Ke7 37. h7 Rh8 38. Kg6 Kf8 39. e7+ 1-0

[Event "CYCC U12 w"]
[Site "Hamilton CAN"]
[Date "2022.07.08"]
[Round "1.6"]
[White "Shaeri, Dorsa"]
[Black "Deepak, Laksshana"]
[Result "0-1"]
[WhiteElo "796"]
[BlackElo "1203"]
[PlyCount "70"]
[EventDate "2022.07.08"]
[EventType "swiss"]
[EventRounds "7"]
[EventCountry "CAN"]

1. e4 e5 2. Nf3 Nc6 3. Bc4 Bc5 4. Nc3 Nf6 5. d3 h6 6. Be3 Bxe3 7. fxe3 O-O 8.
d4 exd4 9. exd4 Re8 10. e5 d5 11. Be2 Ne4 12. O-O Be6 13. Qd3 Bf5 14. Nd2 Nxc3
15. Qxc3 Be6 16. Nb3 Qg5 17. Qf3 a5 18. Rad1 Nb4 19. Nc5 Nxc2 20. Nxe6 fxe6 21.
Rc1 Nxd4 22. Bd3 Nxf3+ 23. Kh1 Nxe5 24. Bb5 c6 25. Ba4 b5 26. Bc2 Rf8 27. Rfe1
Rf2 28. Rg1 Rxg2 29. Rce1 Rxg1+ 30. Rxg1 Qd2 31. Bd1 Rf8 32. Bh5 Rf2 33. Be2
Qxe2 34. Rxg7+ Kxg7 35. h3 Qf1# 0-1

[Event "CYCC U12 w"]
[Site "Hamilton CAN"]
[Date "2022.07.08"]
[Round "2.1"]
[White "Deepak, Laksshana"]
[Black "Fiset, Anais Chloe"]
[Result "1/2-1/2"]
[WhiteElo "1203"]
[BlackElo "1558"]
[PlyCount "65"]
[EventDate "2022.07.08"]
[EventType "swiss"]
[EventRounds "7"]
[EventCountry "CAN"]

1. e4 d5 2. exd5 Qxd5 3. Nc3 Qa5 4. Nf3 Nf6 5. d4 Bf5 6. Bc4 Nbd7 7. Bd2 c6 8.
h3 Qc7 9. g4 Bg6 10. Nh4 e6 11. Nxg6 hxg6 12. Qe2 Be7 13. O-O-O O-O-O 14. Be3
Rhe8 15. f4 Nd5 16. Nxd5 exd5 17. Bb3 Bd6 18. Rhf1 Re4 19. Qd2 Rde8 20. Rde1
Bxf4 21. Rxf4 Rxf4 22. Bxf4 Rxe1+ 23. Qxe1 Qxf4+ 24. Qd2 Qxd2+ 25. Kxd2 g5 26.
c4 Nf6 27. Ke3 Kd7 28. c5 g6 29. Bc2 a5 30. a3 Ne8 31. Kd3 Ng7 32. Ke3 Ne6 33.
Kd3 1/2-1/2

[Event "CYCC U12 w"]
[Site "Hamilton CAN"]
[Date "2022.07.08"]
[Round "2.2"]
[White "Chen, Rae"]
[Black "Liu, Kailey"]
[Result "0-1"]
[WhiteElo "1467"]
[BlackElo "1366"]
[PlyCount "122"]
[EventDate "2022.07.08"]
[EventType "swiss"]
[EventRounds "7"]
[EventCountry "CAN"]

1. d4 d5 2. Nf3 Nf6 3. e3 c6 4. h3 e6 5. Bd3 Nbd7 6. b3 b6 7. Nbd2 c5 8. Ne5
Bd6 9. Bb2 Qc7 10. f4 h6 11. Qf3 Bb7 12. Qg3 Rg8 13. O-O g5 14. Qf2 gxf4 15.
Qxf4 c4 16. Bh7 Rg7 17. Be4 c3 18. Bd3 cxb2 19. Rad1 Bxe5 20. dxe5 Nh5 21. Qxh6
Qxe5 22. Nf3 d4 23. e4 Qg3 24. Rf2 Nf4 25. Kh1 Rg6 26. Qh8+ Ke7 27. Qh4+ Qxh4
28. Nxh4 Rf6 29. Rb1 Nxd3 30. Rxf6 Nxf6 31. cxd3 Rc8 32. Rxb2 Rc1+ 33. Kh2 Rd1
34. Rc2 Kd7 35. Nf3 e5 36. Nxe5+ Ke6 37. Nf3 Rxd3 38. Ng5+ Kd7 39. Nxf7 Re3 40.
e5 d3 41. Rd2 Ne4 42. Rd1 d2 43. e6+ Ke7 44. Nh6 Re1 45. Nf5+ Kxe6 46. Nd4+ Kd5
47. Nf5 Ke5 48. Ne3 Rxe3 49. h4 Re1 50. Rxd2 Nxd2 51. h5 Re2 52. h6 Rxg2+ 53.
Kh3 Rg6 54. h7 Rh6+ 55. Kg3 Rxh7 56. a4 Rf7 57. a5 Nf1+ 58. Kg4 Bf3+ 59. Kg5
Rg7+ 60. Kh4 Kf5 61. Kh3 Rh7# 0-1

[Event "CYCC U12 w"]
[Site "Hamilton CAN"]
[Date "2022.07.08"]
[Round "2.5"]
[White "Guan, Marie"]
[Black "Roque, Alexa"]
[Result "1/2-1/2"]
[WhiteElo "984"]
[BlackElo "852"]
[PlyCount "109"]
[EventDate "2022.07.08"]
[EventType "swiss"]
[EventRounds "7"]
[EventCountry "CAN"]

1. e4 c6 2. d4 d5 3. e5 Bf5 4. h4 h5 5. c4 e6 6. Nc3 dxc4 7. Bxc4 c5 8. d5 exd5
9. Bxd5 Nc6 10. Nf3 Nge7 11. Bg5 Qc7 12. O-O O-O-O 13. Qb3 Rd7 14. Nb5 Qb8 15.
Nd6+ Kc7 16. Bxf7 Bg4 17. e6 Rxd6 18. Bf4 Nf5 19. Rfd1 Kc8 20. Bxd6 Bxd6 21.
Qd5 Nfd4 22. Nxd4 Nxd4 23. Rd2 Rd8 24. Qg5 Bf4 25. Qxc5+ Qc7 26. Qxc7+ Kxc7 27.
Rxd4 Rxd4 28. e7 Bd7 29. e8=Q Bxe8 30. Bxe8 Rd2 31. b3 Rd5 32. g3 Be5 33. Rc1+
Kd8 34. Bxh5 Bd4 35. Bg4 Ke8 36. Rc8+ Kf7 37. Rc7+ Kg6 38. Rxb7 Re5 39. h5+ Kh6
40. Rd7 Bc5 41. Rd8 Re1+ 42. Kg2 Ra1 43. Rh8+ Kg5 44. Rc8 Bb6 45. Bh3 Rxa2 46.
Rf8 Kxh5 47. g4+ Kh4 48. Rh8+ Kg5 49. Rh5+ Kg6 50. Rf5 Rb2 51. Rf3 Kg5 52. Rf5+
Kg6 53. Rf3 Kg5 54. Rf5+ Kg6 55. Rf3 1/2-1/2

[Event "CYCC U12 w"]
[Site "Hamilton CAN"]
[Date "2022.07.08"]
[Round "2.6"]
[White "Maslov, Ayla"]
[Black "Guan, Isabelle"]
[Result "0-1"]
[WhiteElo "800"]
[BlackElo "974"]
[PlyCount "108"]
[EventDate "2022.07.08"]
[EventType "swiss"]
[EventRounds "7"]
[EventCountry "CAN"]

1. e4 e5 2. Nf3 Nc6 3. Bc4 Bc5 4. d3 h6 5. Nc3 Nf6 6. Be3 d6 7. h3 Be6 8. O-O
Qd7 9. a3 g5 10. Bxe6 fxe6 11. b4 Bb6 12. d4 exd4 13. Nxd4 Bxd4 14. Bxd4 e5 15.
Be3 Rg8 16. Qf3 Qe7 17. Nd5 Nxd5 18. exd5 Nd8 19. Qh5+ Nf7 20. g3 O-O-O 21. Kg2
Rdf8 22. c4 Qf6 23. Qf3 Qe7 24. Qf5+ Kb8 25. Qe6 Qd8 26. c5 h5 27. c6 b6 28.
Qf5 g4 29. Qd3 gxh3+ 30. Kh2 Qc8 31. a4 e4 32. Qe2 Ne5 33. a5 Qg4 34. Qa6 Qc8
35. Qe2 h4 36. axb6 cxb6 37. c7+ Qxc7 38. Kxh3 Qd7+ 39. Kg2 hxg3 40. fxg3 Rxf1
41. Rxf1 Qg7 42. Bf4 Qg6 43. Re1 Nd3 44. Rf1 Nxb4 45. Re1 Nxd5 46. Qxe4 Nxf4+
47. Qxf4 Qc2+ 48. Kh1 Rh8+ 49. Kg1 Qh2+ 50. Kf1 Qh1+ 51. Kf2 Rh2+ 52. Ke3 Qxe1+
53. Kd3 Qd1+ 54. Kc3 Rc2+ 0-1

[Event "CYCC U12 w"]
[Site "Hamilton CAN"]
[Date "2022.07.08"]
[Round "2.7"]
[White "Chan, Allison"]
[Black "Shaeri, Dorsa"]
[Result "1-0"]
[WhiteElo "888"]
[BlackElo "796"]
[PlyCount "139"]
[EventDate "2022.07.08"]
[EventType "swiss"]
[EventRounds "7"]
[EventCountry "CAN"]

1. e4 e5 2. Nf3 Nc6 3. Bc4 Bc5 4. d3 h6 5. Nc3 Nf6 6. Be3 Nd4 7. Na4 Nxf3+ 8.
Qxf3 Bxe3 9. fxe3 a6 10. Nc3 d6 11. h3 Bd7 12. O-O-O b5 13. Bb3 a5 14. d4 Qe7
15. a4 bxa4 16. Bxa4 Bxa4 17. Nxa4 Rb8 18. Nc3 Qe6 19. d5 Qd7 20. Kb1 a4 21.
Qf5 a3 22. Qxd7+ Nxd7 23. b3 Nc5 24. Ka2 O-O 25. Kxa3 Ra8+ 26. Kb2 Rab8 27. Ra1
f5 28. exf5 Rxf5 29. Na4 Ne4 30. Rhf1 Ng3 31. Rxf5 Nxf5 32. e4 Ng3 33. Nc3 Nh5
34. Ra7 Rc8 35. Kc1 c6 36. Kd2 cxd5 37. Nxd5 Ng3 38. Ne7+ Kh7 39. Nxc8 Nxe4+
40. Ke3 d5 41. Ra5 Nc3 42. Kd3 d4 43. Rxe5 Kg6 44. Kxd4 Nd1 45. Ne7+ Kf6 46.
Nd5+ Kg6 47. g4 Nf2 48. h4 Nxg4 49. Nf4+ Kf6 50. Rd5 Kf7 51. Rd6 Nf6 52. Ke5
Ng4+ 53. Kd4 Nf6 54. Re6 g5 55. hxg5 hxg5 56. Ke5 gxf4 57. Rxf6+ Ke7 58. Rxf4
Kd7 59. c4 Kc6 60. b4 Kb6 61. Rf6+ Kc7 62. b5 Kb7 63. c5 Kc7 64. Rf7+ Kd8 65.
Kd6 Ke8 66. Ra7 Kf8 67. Ke6 Kg8 68. Kf6 Kh8 69. Kg6 Kg8 70. Ra8# 1-0

[Event "CYCC U12 w"]
[Site "Hamilton CAN"]
[Date "2022.07.09"]
[Round "3.1"]
[White "Xie, Irene"]
[Black "Ambilwade, Ojal"]
[Result "0-1"]
[WhiteElo "1455"]
[BlackElo "1380"]
[PlyCount "152"]
[EventDate "2022.07.08"]
[EventType "swiss"]
[EventRounds "7"]
[EventCountry "CAN"]

1. e4 c5 2. Nf3 d6 3. Bb5+ Bd7 4. Bxd7+ Nxd7 5. b3 Ngf6 6. d3 e6 7. Bb2 Be7 8.
Nbd2 O-O 9. O-O Qc7 10. Re1 d5 11. a4 d4 12. g3 a6 13. Kg2 b5 14. Qe2 b4 15.
Nc4 a5 16. Nfd2 e5 17. Rf1 Rfe8 18. Rae1 Nb6 19. Nxb6 Qxb6 20. Nc4 Qc7 21. Bc1
Nd7 22. f4 f6 23. f5 Nb6 24. Nxb6 Qxb6 25. Qh5 Bf8 26. g4 Qc7 27. g5 fxg5 28.
Qxg5 Qf7 29. Rf3 Ra6 30. Kf2 Rf6 31. Ke2 Be7 32. Rg1 Ra8 33. Qg2 Ra7 34. Bg5
Rb6 35. Bxe7 Qxe7 36. h3 Qf6 37. Qg5 Rf7 38. Qxf6 Rfxf6 39. Rfg3 Rb7 40. Kf3
Kf8 41. Kg4 g6 42. Kg5 Rbf7 43. Rf1 gxf5 44. Rxf5 Rg6+ 45. Kh4 Rxf5 46. exf5
Rf6 47. Kg4 Ke7 48. Rg2 Rf8 49. Rf2 Kf6 50. Kf3 Rg8 51. Ke4 Rg3 52. Kd5 Rxh3
53. Kxc5 Rh5 54. Kb5 Rxf5 55. Rh2 e4+ 56. Kc4 exd3 57. Kxd3 h5 58. Kxd4 Kg5 59.
Ke4 Rf4+ 60. Ke3 Rh4 61. Rg2+ Rg4 62. Rd2 Rg3+ 63. Kf2 Kh4 64. Rd1 Rc3 65. Rh1+
Kg4 66. Rc1 h4 67. Kg2 Kf4 68. Kh2 Ke3 69. Rg1 Rxc2+ 70. Kh3 Rc3 71. Kxh4 Kd2
72. Rg5 Rxb3 73. Rxa5 Ra3 74. Rb5 Rxa4 75. Kg3 Ra3+ 76. Kf4 b3 0-1

[Event "CYCC U12 w"]
[Site "Hamilton CAN"]
[Date "2022.07.09"]
[Round "3.2"]
[White "Liu, Kailey"]
[Black "Deepak, Laksshana"]
[Result "1-0"]
[WhiteElo "1366"]
[BlackElo "1203"]
[PlyCount "47"]
[EventDate "2022.07.08"]
[EventType "swiss"]
[EventRounds "7"]
[EventCountry "CAN"]

1. e4 e5 2. Nf3 Nc6 3. Bc4 Bc5 4. c3 Nf6 5. d4 exd4 6. cxd4 Bb4+ 7. Bd2 Bxd2+
8. Nbxd2 d5 9. exd5 Nxd5 10. O-O Nb6 11. Re1+ Ne7 12. Bb3 Bg4 13. Bxf7+ Kf8 14.
Bb3 Nbd5 15. h3 Bh5 16. g4 Bf7 17. Ne5 Be6 18. Ne4 Ng6 19. Nxg6+ hxg6 20. Qf3+
Bf7 21. Nc5 Kg8 22. Nxb7 c6 23. Nxd8 Rxd8 24. Rac1 1-0

[Event "CYCC U12 w"]
[Site "Hamilton CAN"]
[Date "2022.07.09"]
[Round "3.3"]
[White "Fiset, Anais Chloe"]
[Black "Chen, Rae"]
[Result "0-1"]
[WhiteElo "1558"]
[BlackElo "1467"]
[PlyCount "78"]
[EventDate "2022.07.08"]
[EventType "swiss"]
[EventRounds "7"]
[EventCountry "CAN"]

1. e4 d6 2. d4 Nf6 3. Nc3 c6 4. a4 Qa5 5. Bd2 Qc7 6. g3 e5 7. Nf3 Bg4 8. dxe5
dxe5 9. Bg2 Bc5 10. O-O O-O 11. Qe2 Nbd7 12. Bg5 h6 13. Bxf6 Nxf6 14. Qc4 b6
15. Qe2 Ne8 16. h3 Bh5 17. g4 Bg6 18. Rfd1 Qe7 19. Ne1 Nc7 20. Nd3 Bd6 21. Rd2
Ne6 22. Qe3 f6 23. Rad1 Bf7 24. Qg3 Rad8 25. Ne1 Nd4 26. Ne2 Bb4 27. Nxd4 exd4
28. Re2 Bc4 29. Nd3 Bd6 30. Qf3 c5 31. b3 Ba6 32. Red2 Bb7 33. Nb2 g6 34. Nc4
Bc7 35. c3 f5 36. gxf5 Rxf5 37. Qg4 Rg5 38. Qe2 Bf4 39. Ra2 d3 0-1

[Event "CYCC U12 w"]
[Site "Hamilton CAN"]
[Date "2022.07.09"]
[Round "3.5"]
[White "Xiong, Victoria"]
[Black "Chan, Allison"]
[Result "0-1"]
[WhiteElo "486"]
[BlackElo "888"]
[PlyCount "82"]
[EventDate "2022.07.08"]
[EventType "swiss"]
[EventRounds "7"]
[EventCountry "CAN"]

1. d4 d5 2. c4 Nf6 3. Nc3 Bf5 4. e3 e6 5. Bd3 Ne4 6. Qc2 Bb4 7. Nge2 Nc6 8. a3
Bxc3+ 9. Nxc3 Nxc3 10. Qxc3 Bxd3 11. Qxd3 Qd7 12. c5 O-O 13. O-O Rfe8 14. Re1
e5 15. Bd2 e4 16. Qe2 h6 17. h3 b6 18. f4 bxc5 19. dxc5 d4 20. b4 d3 21. Qf2 a5
22. Bc3 Qd5 23. Qg3 g6 24. Rf1 axb4 25. axb4 Rxa1 26. Bxa1 Nxb4 27. f5 Qc6 28.
h4 Nd5 29. h5 g5 30. Qf2 f6 31. g4 Qxc5 32. Bd4 Qd6 33. Kg2 c5 34. Bb2 c4 35.
Rc1 Rc8 36. Kh3 Kf7 37. Qd2 Qb6 38. Bd4 Qb3 39. Kg3 c3 40. Bxc3 Nxc3 41. Qe1
Qb2 0-1

[Event "CYCC U12 w"]
[Site "Hamilton CAN"]
[Date "2022.07.09"]
[Round "3.6"]
[White "Guan, Isabelle"]
[Black "Guan, Marie"]
[Result "1-0"]
[WhiteElo "974"]
[BlackElo "984"]
[PlyCount "63"]
[EventDate "2022.07.08"]
[EventType "swiss"]
[EventRounds "7"]
[EventCountry "CAN"]

1. e4 e6 2. d4 d5 3. Nc3 Bb4 4. exd5 exd5 5. a3 Ba5 6. Bd3 Ne7 7. Bg5 Nbc6 8.
Nf3 Bg4 9. h3 Bxf3 10. Qxf3 Nxd4 11. Qe3 Ndc6 12. b4 d4 13. Qe2 Bxb4 14. axb4
dxc3 15. O-O O-O 16. b5 f6 17. bxc6 fxg5 18. cxb7 Rb8 19. Rfe1 Nc6 20. Qe6+ Rf7
21. Qxc6 Qf6 22. Re8+ Rf8 23. Rxf8+ Qxf8 24. Rxa7 g6 25. Ra8 Qd8 26. Rxb8 Qxb8
27. Qa6 Kg7 28. Qa8 Qxa8 29. bxa8=Q Kh6 30. Qf8+ Kh5 31. g4+ Kh4 32. Qh6# 1-0

[Event "CYCC U12 w"]
[Site "Hamilton CAN"]
[Date "2022.07.09"]
[Round "3.7"]
[White "Roque, Alexa"]
[Black "Maslov, Ayla"]
[Result "0-1"]
[WhiteElo "852"]
[BlackElo "800"]
[PlyCount "76"]
[EventDate "2022.07.08"]
[EventType "swiss"]
[EventRounds "7"]
[EventCountry "CAN"]

1. d4 d5 2. c4 c6 3. Nc3 Nf6 4. Nf3 e6 5. Bg5 Nbd7 6. e3 Qa5 7. Be2 Ne4 8. O-O
Nxc3 9. bxc3 Qxc3 10. cxd5 cxd5 11. Bb5 f6 12. Bf4 Be7 13. Qa4 Qb4 14. Bxd7+
Bxd7 15. Qc2 Rc8 16. Rfb1 Rxc2 17. Rxb4 Bxb4 18. h4 O-O 19. Rb1 a5 20. a3 Bxa3
21. Rxb7 Bc6 22. Rc7 Ra8 23. g3 Bb4 24. g4 a4 25. g5 fxg5 26. Nxg5 a3 27. Nxe6
a2 28. Rxg7+ Kh8 29. Be5 a1=Q+ 30. Kg2 Rxf2+ 31. Kxf2 Qe1+ 32. Kg2 Ra2+ 33. Kf3
Rf2+ 34. Kg4 Rg2+ 35. Kf5 Rxg7 36. Kf6 Qxh4+ 37. Kf5 Qe4+ 38. Kf6 Qg6# 0-1

[Event "CYCC U12 w"]
[Site "Hamilton CAN"]
[Date "2022.07.09"]
[Round "4.1"]
[White "Ambilwade, Ojal"]
[Black "Liu, Kailey"]
[Result "0-1"]
[WhiteElo "1380"]
[BlackElo "1366"]
[PlyCount "86"]
[EventDate "2022.07.08"]
[EventType "swiss"]
[EventRounds "7"]
[EventCountry "CAN"]

1. c4 e5 2. e3 Nc6 3. Nc3 f5 4. d4 Nf6 5. Nge2 Be7 6. g3 O-O 7. Bg2 d6 8. O-O
Qe8 9. b3 Qh5 10. Bb2 f4 11. exf4 Bh3 12. dxe5 Bxg2 13. Kxg2 dxe5 14. fxe5 Ng4
15. h3 Rxf2+ 16. Kg1 Ne3 17. Qd7 Rxf1+ 18. Rxf1 Nxf1 19. Qd5+ Kh8 20. Kxf1
Qxh3+ 21. Ke1 Rf8 22. a3 Qf1+ 23. Kd2 Rd8 24. Qxd8+ Bxd8 25. Nd5 Bg5+ 26. Nef4
Qf2+ 27. Kd1 Qxb2 28. e6 Bxf4 29. gxf4 Nd4 30. Nb4 Nxe6 31. Nd3 Qc3 32. Ke2 Qd4
33. f5 Nf4+ 34. Nxf4 Qxf4 35. f6 h5 36. f7 Qxf7 37. a4 h4 38. c5 h3 39. b4 h2
40. b5 h1=R 41. c6 Rh3 42. cxb7 Qa2+ 43. Kf1 Rh1# 0-1

[Event "CYCC U12 w"]
[Site "Hamilton CAN"]
[Date "2022.07.09"]
[Round "4.2"]
[White "Chen, Rae"]
[Black "Xie, Irene"]
[Result "1-0"]
[WhiteElo "1467"]
[BlackElo "1455"]
[PlyCount "37"]
[EventDate "2022.07.08"]
[EventType "swiss"]
[EventRounds "7"]
[EventCountry "CAN"]

1. d4 d6 2. Nf3 g6 3. e3 Bg7 4. b3 Nf6 5. Bd3 b6 6. Nbd2 Bb7 7. e4 Nbd7 8. Bb2
O-O 9. Qe2 e6 10. O-O-O c5 11. e5 dxe5 12. dxe5 Nd5 13. Be4 Nf4 14. Qb5 a6 15.
Qf1 Bxe4 16. Nxe4 Qc7 17. Nf6+ Nxf6 18. exf6 Bh8 19. Be5 1-0

[Event "CYCC U12 w"]
[Site "Hamilton CAN"]
[Date "2022.07.09"]
[Round "4.3"]
[White "Chan, Allison"]
[Black "Guan, Isabelle"]
[Result "1-0"]
[WhiteElo "888"]
[BlackElo "974"]
[PlyCount "93"]
[EventDate "2022.07.08"]
[EventType "swiss"]
[EventRounds "7"]
[EventCountry "CAN"]

1. e4 e5 2. Nf3 Nc6 3. Bc4 Bc5 4. d3 h6 5. Nc3 d6 6. O-O Nf6 7. h3 Be6 8. Bb5
a6 9. Bxc6+ bxc6 10. Be3 Ba7 11. d4 exd4 12. Nxd4 Bxd4 13. Bxd4 O-O 14. Re1 c5
15. Be3 Rb8 16. b3 Bd7 17. Bf4 Nh7 18. e5 Bc6 19. exd6 Qf6 20. Be5 Qg6 21. Qg4
Ng5 22. dxc7 h5 23. Qg3 h4 24. Qg4 f5 25. Qc4+ Kh8 26. Qxh4+ Kg8 27. Qg3 Rbc8
28. h4 Nf3+ 29. gxf3 Qh6 30. Kh2 Rf7 31. Rad1 Kh7 32. Rd6 g6 33. Rxc6 Re7 34.
Qg5 Qxg5 35. hxg5 a5 36. Rxc5 Kg8 37. Nd5 Rh7+ 38. Kg3 Rf7 39. f4 Kf8 40. Rd1
Rd7 41. Nb6 Rxd1 42. Nxc8 Rg1+ 43. Kf3 Rh1 44. Nd6 Rh3+ 45. Kg2 a4 46. c8=Q+
Ke7 47. Rc7# 1-0